LEADER 00895naa a2200205 u 4500 001 000000101798 003 CaOOAMICUS 005 20070226130208.0 008 060310s1986 enk u000 u eng u 035 $a11080580 040 $aIAR$bita 100 1 $aThiel, John E.$0(OLS)http://pul/name/63398 245 10$aJ.S. Drey on doctrinal development :$bThe context of theological encyclopedia /$cJohn E. Thiel. 260 $aLondon :$bHeythrop College,$c1986. 300 $aS. 290-305 ;$c22 cm 600 14$aDrey, Johann Sebastian,$d1777-1853.$0(OLS)http://pul/subject/23771 730 4 $aThe Heythrop Journal$g[Spogli].$0(OLS)http://pul/title/102196 773 0 $tThe Heythrop Journal$kXXVII (1986)$w()77964 996 $6245$aJ.S. Drey on doctrinal development :$bThe context of theological encyclopedia$9(OLS)http://pul/title/128705 996 $6260$aLondon :$bHeythrop College$9(OLS)http://pul/publisher/75281 LEADER 01970nam a2200373 u 4500 001 000000048984 003 CaOOAMICUS 005 20150708124534.0 008 000609s1999 it cf u000 u ita u 020 $a8887117195 035 $a10849764 040 $aPUL$bita$dPUL(R) 245 00$aFede di studioso e obbedienza di pastore :$batti del Convegno sul 50° del dottorato di K. Wojtyla e del 20° del Pontificato di Giovanni Paolo II /$ca cura di Edward Kaczy?ski, O.P. 260 $aRoma :$bMillenium Romae,$c1999. 300 $a366 p., [1] c. di tav.$bill., ritr.$c24 cm 500 $aIn testa al front.: Pontificia Università San Tommaso d'Aquino Angelicum. 600 04$aIohannes Paulus PP.$bII,$cs.,$d1920-2005.$0(OLS)http://pul/subject/1393 700 1 $aKaczynski, Edward,$cO.P.,$d1937-$0(OLS)http://pul/name/35506 850 $aPUL 852 $aPUL$W1$xSL Filosofia 1$y2$m112(1) F 54$j65165$nBK-PRI$b $qStampati$B65165$CPULBib$Z2$F65165 $H $81 852 $aPUL$W1$xDP1 Miscellanee$y10$mMISC.HIST.A$j65166$nBK-PRI$b $qStampati Miscellanee$B65166$CPULBib$Z2$F65166 $H $81 852 $aPUL$W1$xDP1 Fondo S. Lanza$y121$m3 G 51$j167072$qFondi$B167656$CPULBib$Z2$F167656 $HLAN645 $82 941 1 $a8 941 1 $a17 941 1 $a1 960 $aPapi (1978-2005 : Iohannes Paulus PP. II)$91393 960 $aPapi (1978-2005 : Iohannes Paulus PP. II)$91393 960 $aWojtyla, Karol,$d1920-2005$91393 960 $aGiovanni Paolo$bII,$cpapa, b.,$d1920-2005$91393 961 $aINV: 82020 961 $aINV: 83405 996 $6020$a8887117195$9(OLS)http://pul/number/61798 996 $6245$aFede di studioso e obbedienza di pastore :$batti del Convegno sul 50° del dottorato di K. Wojtyla e del 20° del Pontificato di Giovanni Paolo II$9(OLS)http://pul/title/66038 996 $6260$aRoma :$bMillenium Romae$9(OLS)http://pul/publisher/62266